Liberty (Record no. 23685)

MARC details
000 -LEADER
fixed length control field 00328nam a22001337a 4500
082 ## - DEWEY DECIMAL CLASSIFICATION NUMBER
Classification number 297.1
Author Cutter AYA
100 ## - MAIN ENTRY--AUTHOR NAME
Author name Ayatulla al-uzma sayyid Ali khan Khamenei
245 ## - TITLE STATEMENT
Title Liberty
260 ## - PUBLICATION, DISTRIBUTION, ETC. (IMPRINT)
Place of publication New Delhi
Name of publisher Welayat Publication
Year of publication 2019
300 ## - PHYSICAL DESCRIPTION
Number of Pages 137
650 ## - SUBJECT ADDED ENTRY--TOPICAL TERM
Topical Term Islamic theology, law, or religion:
942 ## - ADDED ENTRY ELEMENTS (KOHA)
Koha item type Books
Holdings
Home library Current library Shelving location Date acquired Source of acquisition Cost, normal purchase price Full call number Accession Number Koha item type
Henry Martyn Institute Library Henry Martyn Institute Library General stacks 12/22/2025 Director 100.00 297.1 AYA 11004917 Books
                   Copyright © 2026 | Henry Martyn Institute | Hyderabad | TS-500052 | INDIA | Implemented by hmi.edu.in
Hit-Count:

Powered by Koha